[Event "Seefeld op 08th"]
[Site "Seefeld"]
[Date "1997.??.??"]
[Round "?"]
[White "Aufmwasser, Guenter"]
[Black "Kranebitter, Gerhard"]
[Result "0-1"]
[WhiteElo "1800"]
[BlackElo "2115"]
[PlyCount "62"]
[EventDate "1997.09.??"]
[EventType "swiss"]
[EventRounds "9"]
[EventCountry "AUT"]
[SourceTitle "EXT 2000"]
[Source "ChessBase"]
[SourceDate "1999.11.16"]
[SourceVersion "1"]
[SourceVersionDate "1999.11.16"]
[SourceQuality "1"]

1. e4 d5 2. e5 e6 3. d4 c5 4. c3 Qb6 5. Nf3 Bd7 6. Be2 Nc6 7. 0-0 f6 8. Be3 fxe5 9. dxe5 Qc7 10. Bf4 0-0-0 11. Na3 a6 12. Re1 h6 13. Rb1 g5 14. Bd2 Bg7 15. b4 Nxe5 16. Nd4 cxd4 17. cxd4 Nc4 18. Bxc4 dxc4 19. Nxc4 Ne7 20. Rc1 Kb8 21. b5 Bxb5 22. Ba5 Qd7 23. Ne5 Bxe5 24. Rxe5 Rc8 25. Rec5 Rxc5 26. dxc5 Qxd1+ 27. Rxd1 Nd5 28. h3 Rc8 29. Re1 Bd7 30. Rd1 Rxc5 31. Bb6 Nxb6 0-1

[Event "Seefeld op 08th"]
[Site "Seefeld"]
[Date "1997.??.??"]
[Round "?"]
[White "Stiller, Patrick"]
[Black "Kranebitter, Gerhard"]
[Result "1/2-1/2"]
[WhiteElo "1950"]
[BlackElo "2115"]
[PlyCount "80"]
[EventDate "1997.09.??"]
[EventType "swiss"]
[EventRounds "9"]
[EventCountry "AUT"]
[SourceTitle "EXT 2000"]
[Source "ChessBase"]
[SourceDate "1999.11.16"]
[SourceVersion "1"]
[SourceVersionDate "1999.11.16"]
[SourceQuality "1"]

1. e4 e6 2. d4 d5 3. Nc3 Bb4 4. e5 c5 5. a3 Bxc3+ 6. bxc3 Qc7 7. Nf3 Nc6 8. Bd3 Nge7 9. 0-0 c4 10. Be2 Bd7 11. Re1 f6 12. exf6 gxf6 13. Bh6 Nf5 14. Qd2 Nxh6 15. Qxh6 0-0-0 16. Qxf6 Rdf8 17. Qh6 Qd8 18. Bf1 Rf6 19. Qh4 Qf8 20. Ne5 Nxe5 21. Rxe5 Rf4 22. Qg3 Rg8 23. Qe3 Rg6 24. Be2 Rgf6 25. Rf1 Qxa3 26. g3 R4f5 27. Bg4 Rxe5 28. Qxe5 Qf8 29. f3 a5 30. Rb1 b5 31. Kg2 Qh6 32. Re1 Qg6 33. Re2 a4 34. h4 Qf7 35. h5 Qf8 36. Re1 Kb7 37. Rb1 Kc6 38. Ra1 Rh6 39. Kh3 Rf6 40. Kg2 Rh6 1/2-1/2